Hình ảnh lâm sàng, chẩn đoán và điều trị trong chuyên ngành da liễu Tập 1

Cuốn sách này cho chúng ta biết những kiến thức quý báu về tiêu chuẩn chẩn đoán xác định, các chẩn đoán phân biệt cũng như các nguyên tắc điều trị, các phác đồ điều trị cho các bệnh Da liễu một cách cập nhật nhất....

תיאור מלא

שמור ב:
מידע ביבליוגרפי
מחבר ראשי: Nguyễn Văn Thường (Chủ biên)
מחברים אחרים: Trần Hậu Khang (Biên soạn), Nguyễn Hữu Sáu (Biên soạn)
פורמט: ספר
שפה:Vietnamese
יצא לאור: H. Hà Nội 2019
נושאים:
תגים: הוספת תג
אין תגיות, היה/י הראשונ/ה לתייג את הרשומה!
Thư viện lưu trữ: Thư viện Trường Đại học Nam Cần Thơ
LEADER 01355nam a22002177a 4500
001 NCT_141767
008 220929b xxu||||| |||| 00| 0 vie d
999 |c 7297  |d 7297 
020 |a 9786046637004  |c 2400000 
082 0 4 |2 23rd ed.  |a 616.5  |b Th561/T.1 
100 1 |a Nguyễn Văn Thường  |e Chủ biên 
245 1 0 |a Hình ảnh lâm sàng, chẩn đoán và điều trị trong chuyên ngành da liễu  |n Tập 1  |c Nguyễn Văn Thường (Chủ biên); Trần Hậu Khang, Nguyễn Hữu Sáu (Biên soạn),... 
260 |a H.  |b Hà Nội  |c 2019 
300 |a 769 tr.  |b Minh họa  |c 28cm 
520 3 |a Cuốn sách này cho chúng ta biết những kiến thức quý báu về tiêu chuẩn chẩn đoán xác định, các chẩn đoán phân biệt cũng như các nguyên tắc điều trị, các phác đồ điều trị cho các bệnh Da liễu một cách cập nhật nhất. 
653 |a Y Đa khoa 
700 1 |a Trần Hậu Khang  |e Biên soạn 
700 1 |a Nguyễn Hữu Sáu  |e Biên soạn 
942 |2 ddc  |c BK 
952 |0 0  |1 0  |2 ddc  |4 0  |6 616_500000000000000_TH561_T_1  |7 0  |9 26318  |a 000001  |b 000001  |d 2022-09-29  |o 616.5 Th561/T.1  |p MD.20779  |r 2022-09-29  |v 999999.99  |w 2022-09-29  |y BK 
980 |a Thư viện Trường Đại học Nam Cần Thơ